000 00340 a2200169 4500
001 70066
020 _a9788520616804
040 _cAnchieta - Itaigara
100 _aFrança, Mary
240 1 0 _aO baile
_lpor
245 1 0 _aO baile
300 _a16
362 0 _a2014
440 1 _aGlobal
650 4 _aLiteratura infantil
942 _cBK
999 _c70066
_d70066